[Event "Hessen Senioren-ch 2012  8th"]
[Site "Bad Sooden-Adf. (14.4.-22.4)"]
[Date "2012.04.19"]
[Round "6.15"]
[White "Schirmer, Werner"]
[Black "Niebling, Ferdinand"]
[Result "1-0"]
[WhiteElo "1920"]
[BlackElo "1998"]
[PlyCount "59"]
[EventDate "2012.04.??"]
[EventType "swiss"]
[EventRounds "9"]
[EventCountry "GER"]
[WhiteTeam "Hamburger SK"]
[BlackTeam "Frankfurt-West SC"]

1. e4 e6 2. d4 d5 3. Nc3 Bb4 4. e5 Ne7 5. a3 Bxc3+ 6. bxc3 c5 7. a4 Nbc6 8. Nf3
Qa5 9. Bd2 Bd7 10. Be2 O-O 11. O-O Rac8 12. c4 Qc7 13. cxd5 Nxd5 14. c3 cxd4
15. cxd4 h6 16. Qb3 Na5 17. Qd3 Nc4 18. Rfc1 b5 19. Bd1 f5 20. exf6 Rxf6 21.
Bc2 Kf7 22. axb5 Bxb5 23. Ne5+ Nxe5 24. Qxb5 Nc6 25. Be4 Qb6 26. Qa4 Nde7 27.
Be3 Nd5 28. Rab1 Qc7 29. Qa6 Nxe3 30. Rb7 1-0

[Event "Hessen Senioren-ch 2012  8th"]
[Site "Bad Sooden-Adf. (14.4.-22.4)"]
[Date "2012.04.19"]
[Round "6.16"]
[White "Achenbach, Manfred"]
[Black "Noble, Alexander"]
[Result "1-0"]
[WhiteElo "1989"]
[BlackElo "1939"]
[PlyCount "43"]
[EventDate "2012.04.??"]
[EventType "swiss"]
[EventRounds "9"]
[EventCountry "GER"]
[WhiteTeam "Mülheim 08/25 SC"]
[BlackTeam "Bad Nauheim SC"]

1. Nf3 e6 2. c4 Nf6 3. g3 b6 4. Bg2 Bb7 5. Nc3 Be7 6. O-O O-O 7. d3 d6 8. e4
Nbd7 9. Qc2 c5 10. d4 cxd4 11. Nxd4 a6 12. Re1 Qc7 13. b3 Rfe8 14. a4 Rad8 15.
h3 Bf8 16. Be3 d5 17. cxd5 exd5 18. Nxd5 Nxd5 19. exd5 Qb8 20. Nc6 Qc7 21. Rac1
Rc8 22. Ne7+ 1-0

[Event "Hessen Senioren-ch 2012  8th"]
[Site "Bad Sooden-Adf. (14.4.-22.4)"]
[Date "2012.04.19"]
[Round "6.17"]
[White "Bachmann, Rolf"]
[Black "Schneider, Alexander(52)"]
[Result "1-0"]
[WhiteElo "1933"]
[BlackElo "1981"]
[PlyCount "107"]
[EventDate "2012.04.??"]
[EventType "swiss"]
[EventRounds "9"]
[EventCountry "GER"]
[WhiteTeam "Hamm SVg"]
[BlackTeam "Wilhelmshavener SF"]

1. c4 Nf6 2. Nc3 g6 3. g3 Bg7 4. Bg2 O-O 5. e3 e6 6. Nge2 d5 7. cxd5 exd5 8. d4
Nc6 9. O-O Ne7 10. b4 a6 11. a4 c6 12. a5 Bf5 13. Na4 Nc8 14. Bb2 Nd6 15. Nf4
Nc4 16. Bc3 Ne4 17. Rc1 h5 18. Nd3 Bh6 19. Re1 Bg4 20. Qc2 Ng5 21. f4 Nf3+ 22.
Bxf3 Bxf3 23. Nac5 Qe7 24. Ne5 Nxe5 25. dxe5 Bg4 26. h4 Rad8 27. Qd2 Bg7 28.
Bd4 f6 29. exf6 Bxf6 30. Qb2 Bc8 31. Bxf6 Qxf6 32. Qxf6 Rxf6 33. e4 dxe4 34.
Rxe4 Kf8 35. Rce1 Rf7 36. Kf2 Bf5 37. Re5 Rd2+ 38. R1e2 Rd1 39. Re8+ Kg7 40.
Rb2 Bh3 41. Re5 Rf1+ 42. Ke3 Rg1 43. Kf3 Kf6 44. Ne4+ Kg7 45. Ng5 Rd7 46. Nxh3
Rd3+ 47. Kf2 Rgxg3 48. Ng5 Rg4 49. Re7+ Kf8 50. Rxb7 Rxf4+ 51. Ke2 Rd6 52. Ke3
Rxh4 53. Rf2+ Kg8 54. Rff7 1-0

[Event "Hessen Senioren-ch 2012  8th"]
[Site "Bad Sooden-Adf. (14.4.-22.4)"]
[Date "2012.04.19"]
[Round "6.18"]
[White "Kotlar, Alfred"]
[Black "Gousseinov, Aguif"]
[Result "1/2-1/2"]
[WhiteElo "1825"]
[BlackElo "1935"]
[PlyCount "68"]
[EventDate "2012.04.??"]
[EventType "swiss"]
[EventRounds "9"]
[EventCountry "GER"]
[WhiteTeam "Recklinghausen 06 SK"]
[BlackTeam "FRA/Paris"]
[BlackTeamCountry "FRA"]

1. d4 Nf6 2. Nf3 d5 3. Bf4 c6 4. Nbd2 Bf5 5. h3 e6 6. Nh4 Nh5 7. Bxb8 Qxh4 8.
Be5 Nf6 9. c3 Nd7 10. Bg3 Qd8 11. e3 Qb6 12. Qb3 Rc8 13. Be2 Be7 14. c4 Bb4 15.
c5 Qa5 16. Rd1 e5 17. a3 Bxd2+ 18. Rxd2 O-O 19. Qc3 Qxc3 20. bxc3 f6 21. O-O
Rfe8 22. Rc1 b6 23. cxb6 axb6 24. c4 Be6 25. Rdc2 Ra8 26. dxe5 Nxe5 27. cxd5
Bxd5 28. Rc3 b5 29. f3 Nc4 30. e4 Be6 31. Ra1 Na5 32. Rd1 Bc4 33. Bd3 Bxd3 34.
Rdxd3 Nc4 1/2-1/2

[Event "Hessen Senioren-ch 2012  8th"]
[Site "Bad Sooden-Adf. (14.4.-22.4)"]
[Date "2012.04.19"]
[Round "6.19"]
[White "Kahn, Peter"]
[Black "Gudat, Alfons"]
[Result "1/2-1/2"]
[WhiteElo "1952"]
[BlackElo "1843"]
[PlyCount "108"]
[EventDate "2012.04.??"]
[EventType "swiss"]
[EventRounds "9"]
[EventCountry "GER"]
[WhiteTeam "Siebenlehner SV"]
[BlackTeam "Oldenburg SK"]

1. e4 c5 2. c3 e6 3. d4 d5 4. exd5 Qxd5 5. Nf3 Nf6 6. Be2 Be7 7. O-O O-O 8. Na3
Nc6 9. Nb5 Ne8 10. c4 Qd8 11. dxc5 a6 12. Qxd8 Nxd8 13. Nc3 Bxc5 14. a3 Nc6 15.
Rd1 Be7 16. Bg5 f6 17. Be3 Nd6 18. b4 Nf5 19. Bb6 Bd8 20. Bxd8 Rxd8 21. Rxd8+
Nxd8 22. Rd1 Nf7 23. c5 Kf8 24. Na4 Ne7 25. Nb6 Rb8 26. a4 e5 27. Bc4 Bg4 28.
h3 Bxf3 29. gxf3 Ke8 30. b5 axb5 31. Bxb5+ Nc6 32. a5 Rd8 33. Bxc6+ bxc6 34.
Rxd8+ Nxd8 35. a6 Ne6 36. a7 Nc7 37. Kf1 Ke7 38. a8=Q Nxa8 39. Nxa8 Ke6 40. Nb6
e4 41. Ke2 Ke5 42. Ke3 exf3 43. Kxf3 Kd4 44. Nd7 Kd5 45. Kf4 Ke6 46. Nf8+ Kd5
47. Nxh7 Kxc5 48. Nxf6 gxf6 49. h4 Kd6 50. Ke4 Ke6 51. Kd4 Kf5 52. Kc5 Kg4 53.
Kxc6 Kxh4 54. Kd5 f5 1/2-1/2

[Event "Hessen Senioren-ch 2012  8th"]
[Site "Bad Sooden-Adf. (14.4.-22.4)"]
[Date "2012.04.19"]
[Round "6.20"]
[White "Busic, Nedjeljko"]
[Black "Haselhorst, Helmut"]
[Result "1/2-1/2"]
[WhiteElo "1883"]
[BlackElo "1984"]
[PlyCount "117"]
[EventDate "2012.04.??"]
[EventType "swiss"]
[EventRounds "9"]
[EventCountry "GER"]
[WhiteTeam "Bad Nauheim SC"]
[BlackTeam "Ost/Westbevern SK"]

1. e4 Nf6 2. Nc3 e5 3. Nf3 Nc6 4. d4 exd4 5. Nxd4 Bb4 6. Nxc6 bxc6 7. Bd3 O-O
8. O-O d5 9. Bg5 Bxc3 10. bxc3 dxe4 11. Bxf6 Qxf6 12. Bxe4 Qxc3 13. Re1 Be6 14.
Re3 Qc5 15. Rg3 Rfd8 16. Qf3 Rab8 17. a4 Rb4 18. Qf6 Qf8 19. Rxg7+ Qxg7 20.
Qxd8+ Qf8 21. Bxh7+ Kg7 22. Qxf8+ Kxf8 23. Bd3 a5 24. f3 Bd7 25. Kf2 c5 26. Bb5
Bxb5 27. axb5 Rxb5 28. c4 Rb4 29. Rxa5 Rxc4 30. Ra7 Rc2+ 31. Kg3 Ke7 32. Rxc7+
Ke6 33. h4 c4 34. h5 Kf6 35. Kh3 c3 36. g3 Rc1 37. Kg4 c2 38. h6 Kg6 39. Rc6+
f6 40. Kf4 Rh1 41. Rxc2 Rxh6 42. g4 Rh1 43. Rc6 Ra1 44. Rc7 Ra4+ 45. Kg3 Ra3
46. Rc4 Rb3 47. Rc2 Ra3 48. Kg2 Ra4 49. Rc3 Rb4 50. Kg3 Rb1 51. f4 Rg1+ 52. Kh3
Rf1 53. Kg3 Rg1+ 54. Kh4 Rh1+ 55. Rh3 Ra1 56. Rh2 f5 57. g5 Rg1 58. Kh3 Rg4 59.
Rf2 1/2-1/2

[Event "Hessen Senioren-ch 2012  8th"]
[Site "Bad Sooden-Adf. (14.4.-22.4)"]
[Date "2012.04.19"]
[Round "6.21"]
[White "Scholz, Werner(41)"]
[Black "Oud, Niek"]
[Result "0-1"]
[WhiteElo "1552"]
[BlackElo "2162"]
[PlyCount "96"]
[EventDate "2012.04.??"]
[EventType "swiss"]
[EventRounds "9"]
[EventCountry "GER"]
[WhiteTeam "Eberswalde 1949 ESV"]
[BlackTeam "NED/Amstelveen"]
[BlackTeamCountry "NED"]

1. d4 d5 2. Nf3 Nf6 3. e3 c6 4. Bd3 Bg4 5. c4 Nbd7 6. Nc3 e6 7. O-O Bd6 8. Re1
O-O 9. e4 dxe4 10. Nxe4 Nxe4 11. Bxe4 Nf6 12. Bg5 h6 13. Bxf6 Qxf6 14. h3 Bh5
15. Qd3 Rad8 16. Rad1 Bc5 17. g4 Bg6 18. Bxg6 fxg6 19. Kg2 Bxd4 20. Qe4 e5 21.
Re2 Rde8 22. Red2 Bb6 23. b4 Rf7 24. Rd6 Re6 25. Rd7 Kh7 26. c5 Bc7 27. h4 Kg8
28. Rxf7 Qxf7 29. g5 Re7 30. Re1 Kf8 31. Re2 Qf5 32. Kg3 Kf7 33. Qc4+ Qe6 34.
Qe4 Qd5 35. Kg2 Qxe4 36. Rxe4 Ke6 37. Ne1 Kf5 38. f3 hxg5 39. hxg5 Kxg5 40. Nd3
Kf6 41. Kf2 Rd7 42. Ke3 Kf5 43. a3 Rd5 44. a4 Bd8 45. Rg4 Bg5+ 46. Ke2 Rd4 47.
Rxg5+ Kxg5 48. Nxe5 Rxb4 0-1

[Event "Hessen Senioren-ch 2012  8th"]
[Site "Bad Sooden-Adf. (14.4.-22.4)"]
[Date "2012.04.19"]
[Round "6.22"]
[White "Schumacher, Gottfried"]
[Black "Kempen, Willi"]
[Result "1/2-1/2"]
[WhiteElo "2080"]
[BlackElo "1855"]
[PlyCount "51"]
[EventDate "2012.04.??"]
[EventType "swiss"]
[EventRounds "9"]
[EventCountry "GER"]
[WhiteTeam "Bad Neuenahr SC"]
[BlackTeam "Rheydter SV"]

1. g3 d5 2. d4 Nf6 3. Bg2 e6 4. Nf3 Nbd7 5. O-O Bd6 6. b3 O-O 7. c4 c6 8. Nc3
h6 9. Bb2 a5 10. Qc2 Re8 11. Rad1 Qe7 12. e4 dxe4 13. Nxe4 Nxe4 14. Qxe4 Ba3
15. Bc3 Bb4 16. Qc2 Bxc3 17. Qxc3 Qa3 18. Ne5 Ra6 19. Be4 Nf6 20. Bc2 c5 21.
Rd2 Rd6 22. dxc5 Rxd2 23. Qxd2 Qxc5 24. Nd3 Qd4 25. Rd1 e5 26. Ne1 1/2-1/2

[Event "Hessen Senioren-ch 2012  8th"]
[Site "Bad Sooden-Adf. (14.4.-22.4)"]
[Date "2012.04.19"]
[Round "6.23"]
[White "Ghijsen, Pim"]
[Black "Mentel, Juergen Dr"]
[Result "1-0"]
[WhiteElo "1906"]
[BlackElo "1879"]
[PlyCount "75"]
[EventDate "2012.04.??"]
[EventType "swiss"]
[EventRounds "9"]
[EventCountry "GER"]
[WhiteTeam "NED/Amsterdam VAS"]
[BlackTeam "Greifswalder SV"]
[WhiteTeamCountry "NED"]

1. d4 d6 2. e4 Nf6 3. Nc3 c6 4. a4 a5 5. Nf3 Bg4 6. Be2 e6 7. Be3 d5 8. e5 Nfd7
9. O-O Be7 10. Ne1 Bxe2 11. Nxe2 c5 12. c3 Nc6 13. f4 cxd4 14. cxd4 O-O 15. Nc3
f5 16. Nb5 Ndb8 17. Rc1 Na6 18. Nd3 Qd7 19. Rf2 Rac8 20. Rfc2 g6 21. Bd2 Ra8
22. Qe1 Nab4 23. Bxb4 axb4 24. b3 Kf7 25. Nc5 Bxc5 26. Rxc5 Kg8 27. Nd6 Ra7 28.
Nxb7 Rxb7 29. Rxc6 Re8 30. R1c5 Qf7 31. Qh4 Qe7 32. Qxe7 Rexe7 33. a5 Kf7 34.
a6 Rb8 35. Rc7 Ra8 36. R5c6 Ra7 37. Rc8 Re8 38. Rxe8 1-0

[Event "Hessen Senioren-ch 2012  8th"]
[Site "Bad Sooden-Adf. (14.4.-22.4)"]
[Date "2012.04.19"]
[Round "6.24"]
[White "Schmidt, Manfred Dr(37)"]
[Black "Van Geffen, Ben"]
[Result "1/2-1/2"]
[WhiteElo "1850"]
[BlackElo "1907"]
[PlyCount "33"]
[EventDate "2012.04.??"]
[EventType "swiss"]
[EventRounds "9"]
[EventCountry "GER"]
[WhiteTeam "Springe SV"]
[BlackTeam "NED/Messemaker"]
[BlackTeamCountry "NED"]

1. e4 c5 2. c3 d5 3. exd5 Qxd5 4. d4 g6 5. Be3 cxd4 6. cxd4 Bg7 7. Nc3 Qd8 8.
Nf3 Nh6 9. Qd2 Nf5 10. Rd1 O-O 11. Be2 Nc6 12. O-O b6 13. d5 Ne5 14. Nxe5 Bxe5
15. Bf4 Bxf4 16. Qxf4 Bb7 17. Bg4 1/2-1/2

[Event "Hessen Senioren-ch 2012  8th"]
[Site "Bad Sooden-Adf. (14.4.-22.4)"]
[Date "2012.04.19"]
[Round "6.25"]
[White "Van Dongen, Rob"]
[Black "Holscher, Peter"]
[Result "1-0"]
[WhiteElo "1834"]
[BlackElo "1959"]
[PlyCount "61"]
[EventDate "2012.04.??"]
[EventType "swiss"]
[EventRounds "9"]
[EventCountry "GER"]
[WhiteTeam "NED/Amsterdam VAS"]
[BlackTeam "NED/Hoorn Caissa"]
[WhiteTeamCountry "NED"]
[BlackTeamCountry "NED"]

1. d4 Nf6 2. c4 e6 3. Nc3 Bb4 4. Bd2 O-O 5. a3 Bxc3 6. Bxc3 b6 7. Nf3 Bb7 8. g3
d5 9. cxd5 Bxd5 10. Bg2 Nbd7 11. O-O Rc8 12. Nd2 Bxg2 13. Kxg2 c5 14. Qa4 Qc7
15. Rac1 Qb7+ 16. Kg1 b5 17. Qb3 c4 18. Qc2 Nb6 19. e4 h6 20. Rfe1 Na4 21. Bb4
Rfd8 22. e5 Ne8 23. Re4 Qb6 24. Nf3 a5 25. Bd2 f5 26. exf6 Nxf6 27. Rh4 Qa7 28.
Qg6 Nxb2 29. Rc2 Nd3 30. Rxh6 Qf7 31. Rh8+ 1-0

[Event "Hessen Senioren-ch 2012  8th"]
[Site "Bad Sooden-Adf. (14.4.-22.4)"]
[Date "2012.04.19"]
[Round "6.26"]
[White "Voermans, Adri"]
[Black "Papenbrock, Volker"]
[Result "0-1"]
[WhiteElo "1906"]
[BlackElo "2030"]
[PlyCount "82"]
[EventDate "2012.04.??"]
[EventType "swiss"]
[EventRounds "9"]
[EventCountry "GER"]
[WhiteTeam "NED/Den Haag DD"]
[BlackTeam "Hamburg Eimsbuettel SK"]
[WhiteTeamCountry "NED"]

1. d4 f5 2. c4 g6 3. g3 Bg7 4. Bg2 Nf6 5. Nc3 O-O 6. Nh3 Nc6 7. O-O d6 8. Bf4
Bd7 9. Qd2 Qe8 10. Rae1 Nxd4 11. Qxd4 e5 12. Qd3 exf4 13. Nxf4 Bc6 14. Nfd5 Qf7
15. b4 Kh8 16. b5 Bxd5 17. Nxd5 Nd7 18. Nxc7 Ne5 19. Qxd6 Rad8 20. Qc5 Rc8 21.
Qxa7 Qxc7 22. Rc1 b6 23. Qxc7 Rxc7 24. Rfd1 Rxc4 25. Rxc4 Nxc4 26. e3 Bf6 27.
Rd7 Rd8 28. Rxd8+ Bxd8 29. e4 fxe4 30. Bxe4 Kg7 31. f3 Kf6 32. h4 h6 33. Kf2
Bc7 34. g4 g5 35. h5 Ke5 36. Ke2 Kd4 37. Bg6 Bf4 38. Be8 Nd6 39. Bc6 Kc4 40. a4
Kb4 41. Kd3 Be5 0-1

[Event "Hessen Senioren-ch 2012  8th"]
[Site "Bad Sooden-Adf. (14.4.-22.4)"]
[Date "2012.04.19"]
[Round "6.27"]
[White "Nietsch, Horst"]
[Black "Arp, Frans"]
[Result "0-1"]
[WhiteElo "1831"]
[BlackElo "1833"]
[PlyCount "95"]
[EventDate "2012.04.??"]
[EventType "swiss"]
[EventRounds "9"]
[EventCountry "GER"]
[WhiteTeam "Berlin Weißensee 49 SG"]
[BlackTeam "NED/Haarlem"]
[BlackTeamCountry "NED"]

1. e4 e5 2. Nf3 Nc6 3. Bb5 a6 4. Ba4 Nf6 5. O-O Be7 6. Re1 b5 7. Bb3 O-O 8. c3
d5 9. d3 d4 10. cxd4 Nxd4 11. Nxd4 exd4 12. Bf4 c5 13. Nd2 Bg4 14. f3 Nh5 15.
Be5 Be6 16. Bxe6 fxe6 17. Qb3 Qb6 18. a4 Bg5 19. Nf1 Bf4 20. Bxf4 Nxf4 21. g3
c4 22. dxc4 d3+ 23. Re3 Ne2+ 24. Kg2 Nd4 25. Qxd3 bxc4 26. Qc3 Rab8 27. Rb1
Rfd8 28. Ree1 Qb4 29. Ne3 Qf8 30. f4 g5 31. f5 Rbc8 32. Rbd1 e5 33. Qa5 Ra8 34.
Qd2 Ra7 35. Rf1 Qe8 36. f6 Qxa4 37. Nd5 Kf7 38. Ra1 Qc6 39. Qd1 Rxd5 40. Qh5+
Ke6 41. Qg4+ Kf7 42. Qh5+ Ke6 43. exd5+ Kxd5 44. Kg1 Qb6 45. Rf2 Rd7 46. f7 e4
47. Rd1 Ke5 48. Kg2 0-1

[Event "Hessen Senioren-ch 2012  8th"]
[Site "Bad Sooden-Adf. (14.4.-22.4)"]
[Date "2012.04.19"]
[Round "6.28"]
[White "Hampel, Johannes"]
[Black "Zwanepol, Johan"]
[Result "1-0"]
[WhiteElo "1950"]
[BlackElo "1714"]
[PlyCount "65"]
[EventDate "2012.04.??"]
[EventType "swiss"]
[EventRounds "9"]
[EventCountry "GER"]
[WhiteTeam "Dresden-Leuben SV"]
[BlackTeam "NED/Groningen SC"]
[BlackTeamCountry "NED"]

1. d4 Nf6 2. c4 e6 3. Nc3 c5 4. d5 exd5 5. cxd5 d6 6. Nf3 g6 7. e4 Bg7 8. Bg5
O-O 9. Be2 Bg4 10. Nd2 Bxe2 11. Qxe2 Re8 12. O-O Nbd7 13. f4 a6 14. a4 Qc7 15.
f5 Rf8 16. Nc4 Rae8 17. Bf4 Ne5 18. Bxe5 dxe5 19. Rad1 Rd8 20. d6 Qb8 21. a5
Kh8 22. Qe3 Nd7 23. Nd5 Qc8 24. f6 Nxf6 25. Nxf6 Qc6 26. Rf3 Qa4 27. b3 Qb5 28.
Rh3 h5 29. Qg5 Bxf6 30. Qxf6+ Kh7 31. Rf1 Qe8 32. Rxh5+ gxh5 33. Rf5 1-0

[Event "Hessen Senioren-ch 2012  8th"]
[Site "Bad Sooden-Adf. (14.4.-22.4)"]
[Date "2012.04.19"]
[Round "6.29"]
[White "Rollwitz, Juergen"]
[Black "Thieme, Hans(08.33)"]
[Result "0-1"]
[WhiteElo "1755"]
[BlackElo "1959"]
[PlyCount "88"]
[EventDate "2012.04.??"]
[EventType "swiss"]
[EventRounds "9"]
[EventCountry "GER"]
[WhiteTeam "Berlin Wedding SG"]
[BlackTeam "Oberursel SV"]

1. e4 c5 2. Nc3 e6 3. f4 d5 4. d3 Nc6 5. Nf3 Be7 6. g3 b6 7. Bg2 Bb7 8. Bd2 d4
9. Ne2 Nf6 10. h3 Qc7 11. c4 dxc3 12. Bxc3 O-O 13. Qc2 c4 14. a3 cxd3 15. Qxd3
Rad8 16. Qc2 Qc8 17. Rc1 Qa8 18. Bxf6 Bxf6 19. O-O Rc8 20. Qb1 Rfd8 21. Rcd1 e5
22. Kh2 Ba6 23. Rfe1 Qb8 24. f5 Rxd1 25. Qxd1 Rd8 26. Qc1 Rc8 27. Qd2 Bb7 28.
g4 Rd8 29. Qc1 Nd4 30. Neg1 h6 31. h4 Rc8 32. Qb1 Bd8 33. Kh1 Ne2 34. Nxe2 Rc5
35. g5 Qc8 36. Kh2 Rc2 37. Kg3 Qc5 38. Rg1 Bxe4 39. Qe1 Bxf5 40. Kh2 e4 41. Nd2
Qd6+ 42. Qg3 Qxg3+ 43. Kxg3 Rxd2 44. gxh6 Bc7+ 0-1

[Event "Hessen Senioren-ch 2012  8th"]
[Site "Bad Sooden-Adf. (14.4.-22.4)"]
[Date "2012.04.19"]
[Round "6.30"]
[White "Niebuhr, Gerd"]
[Black "Schumacher, Helmut(31)"]
[Result "1-0"]
[WhiteElo "1954"]
[BlackElo "1847"]
[PlyCount "107"]
[EventDate "2012.04.??"]
[EventType "swiss"]
[EventRounds "9"]
[EventCountry "GER"]
[WhiteTeam "Wedemark Freibauer"]
[BlackTeam "Aachen St. Josef DJK"]

1. d4 d5 2. c4 e6 3. Nc3 c6 4. Nf3 Nf6 5. e3 Nbd7 6. Bd3 dxc4 7. Bxc4 b5 8. Bd3
a6 9. e4 c5 10. d5 e5 11. Qc2 Bd6 12. a4 b4 13. Nd1 a5 14. O-O Ba6 15. b3 Qb6
16. Ne3 O-O 17. Bxa6 Qxa6 18. Nc4 Ne8 19. Bb2 f6 20. Nh4 g6 21. g3 Rc8 22. f4
Ng7 23. Qd2 Rce8 24. Rac1 Bb8 25. Nf3 Nb6 26. Nxb6 Qxb6 27. fxe5 fxe5 28. Kg2
Qd8 29. Qd3 Rf6 30. Nd2 Ref8 31. Rxf6 Rxf6 32. Rf1 Rxf1 33. Qxf1 Ne6 34. dxe6
Qxd2+ 35. Qf2 Qxf2+ 36. Kxf2 Kf8 37. Ke3 Ke7 38. Kd3 Kxe6 39. Kc4 Kd6 40. Kb5
Ba7 41. Bc1 Kc7 42. Bg5 Kd6 43. Bh6 Bb8 44. Bf8+ Kd7 45. Kxc5 Bc7 46. Kd5 Bb6
47. Bg7 Bd8 48. Bxe5 Be7 49. Bd4 Bd8 50. h3 Bc7 51. Bc5 Bd8 52. e5 Ke8 53. Kc6
Kf7 54. Kd7 1-0

[Event "Hessen Senioren-ch 2012  8th"]
[Site "Bad Sooden-Adf. (14.4.-22.4)"]
[Date "2012.04.19"]
[Round "6.31"]
[White "Biller, Helmut Dr"]
[Black "Huhn, Ulrich"]
[Result "1-0"]
[WhiteElo "1975"]
[BlackElo "1789"]
[PlyCount "71"]
[EventDate "2012.04.??"]
[EventType "swiss"]
[EventRounds "9"]
[EventCountry "GER"]
[WhiteTeam "Frankfurt 1921 Sfr."]
[BlackTeam "Berlin Siemensstadt SF"]

1. d4 d5 2. Nf3 Nf6 3. c4 c6 4. Nc3 dxc4 5. a4 Bf5 6. e3 e6 7. Bxc4 Bb4 8. O-O
O-O 9. Qe2 Nbd7 10. e4 Bg6 11. Bd3 h6 12. h3 Re8 13. Bf4 Ba5 14. Rfd1 Bc7 15.
Bxc7 Qxc7 16. e5 Bxd3 17. Qxd3 Nd5 18. Ne4 Red8 19. Qc4 N7b6 20. Qc5 Qe7 21.
Qxe7 Nxe7 22. Nd6 Rab8 23. a5 Nbc8 24. Ne4 a6 25. Rdc1 Nd5 26. Ra3 Rd7 27. Rb3
Na7 28. Nc5 Re7 29. Nxa6 Ra8 30. Nb4 Nxb4 31. Rxb4 Nb5 32. Ra4 Rd7 33. Rcc4 Nc7
34. Nd2 b5 35. axb6 Rxa4 36. Rxa4 1-0

[Event "Hessen Senioren-ch 2012  8th"]
[Site "Bad Sooden-Adf. (14.4.-22.4)"]
[Date "2012.04.19"]
[Round "6.32"]
[White "Kopp, Peter Dr(46)"]
[Black "Kluger, Hans-Peter"]
[Result "1-0"]
[WhiteElo "1955"]
[BlackElo "1746"]
[PlyCount "167"]
[EventDate "2012.04.??"]
[EventType "swiss"]
[EventRounds "9"]
[EventCountry "GER"]
[WhiteTeam "Hofheim 1920 SV"]
[BlackTeam "Fallersleben SF"]

1. e4 d6 2. Nf3 Nf6 3. d3 g6 4. g3 Bg7 5. Bg2 O-O 6. O-O c6 7. Re1 e5 8. c3 Be6
9. d4 Qb6 10. h3 Rd8 11. dxe5 dxe5 12. Qc2 Qc7 13. Nbd2 Nbd7 14. Ng5 Nf8 15.
Nxe6 Nxe6 16. Bf1 b5 17. a4 a6 18. Nb3 h6 19. Kg2 Ne8 20. Be3 Rab8 21. axb5
axb5 22. Ra7 Rb7 23. Rea1 Rdb8 24. Rxb7 Rxb7 25. Ra6 Rb8 26. Qc1 Kh7 27. Qa1
Nd6 28. f3 c5 29. Ra7 Qb6 30. Nd2 Rb7 31. Ra6 Qc7 32. Nb3 Bf8 33. Ra8 Be7 34.
Qa6 Rb6 35. Qa5 Nc4 36. Bxc4 bxc4 37. Nd2 Rxb2 38. Qxc7 Nxc7 39. Ra7 Bd6 40.
Kf1 Kg7 41. Nxc4 Rb1+ 42. Ke2 Nb5 43. Rd7 Bb8 44. Kd2 Kf6 45. Bxc5 Bc7 46. Kc2
Rf1 47. Rd3 g5 48. g4 Rh1 49. Kb3 Rb1+ 50. Nb2 Ke6 51. Rd1 Rxd1 52. Nxd1 Bd6
53. Kc4 Nc7 54. Bb6 Ne8 55. Ne3 Ng7 56. Kb5 Kd7 57. Nd5 Ne6 58. Nf6+ Kc8 59.
Kc6 Ba3 60. Be3 Be7 61. Ng8 Bf8 62. Kd5 Bg7 63. Ne7+ Kd7 64. Nf5 Nc7+ 65. Kc4
Bf8 66. h4 Ne6 67. h5 Kc6 68. Ng3 Be7 69. Ne2 Bf8 70. Nc1 Be7 71. Nd3 f6 72.
Nb4+ Kd7 73. Nd5 Bd8 74. Kb5 Kd6 75. c4 Nd4+ 76. Bxd4 exd4 77. c5+ Ke5 78. Kc4
Ba5 79. c6 Bd8 80. c7 Bxc7 81. Nxc7 Kf4 82. Kxd4 Kxf3 83. Nd5 Kxg4 84. Nxf6+
1-0

[Event "Hessen Senioren-ch 2012  8th"]
[Site "Bad Sooden-Adf. (14.4.-22.4)"]
[Date "2012.04.19"]
[Round "6.33"]
[White "Burckhardt, Karl"]
[Black "Heinzel, Peter"]
[Result "0-1"]
[WhiteElo "1725"]
[BlackElo "1907"]
[PlyCount "110"]
[EventDate "2012.04.??"]
[EventType "swiss"]
[EventRounds "9"]
[EventCountry "GER"]
[WhiteTeam "Fulda SC"]
[BlackTeam "Mülheim 08/25 SV"]

1. e4 b6 2. d4 Bb7 3. Bd3 e6 4. Nf3 c5 5. O-O Nf6 6. Re1 d6 7. d5 e5 8. Bg5 Be7
9. Nbd2 O-O 10. Nf1 Nxd5 11. Bxe7 Nxe7 12. Ng3 Nd7 13. Qd2 Qc7 14. Rad1 Rad8
15. Nh4 Nf6 16. Nhf5 Bc8 17. c4 Bxf5 18. Nxf5 Nc6 19. Qg5 Ne8 20. Re3 f6 21.
Qh4 Nd4 22. Rh3 g5 23. Qg4 Nxf5 24. Qxf5 Qd7 25. Qxd7 Rxd7 26. Be2 Ng7 27. Rhd3
f5 28. exf5 Nxf5 29. Bg4 Rdf7 30. f3 Nd4 31. Re3 Rf6 32. Kf2 Rf4 33. Kg3 h5 34.
Bxh5 Nf5+ 35. Kf2 Nxe3 36. Kxe3 Rd8 37. Bg4 Kf7 38. b3 Ke7 39. h4 gxh4 40. Rh1
Rh8 41. g3 Rd4 42. gxh4 a6 43. h5 Rh6 44. Bc8 a5 45. Bb7 Kf6 46. Be4 a4 47. f4
axb3 48. axb3 exf4+ 49. Kxf4 b5 50. Ke3 bxc4 51. bxc4 Rxc4 52. Bg6 Rb4 53. Rf1+
Ke6 54. Kd3 Rxg6 55. hxg6 Rg4 0-1

[Event "Hessen Senioren-ch 2012  8th"]
[Site "Bad Sooden-Adf. (14.4.-22.4)"]
[Date "2012.04.19"]
[Round "6.34"]
[White "Rychlik, Kurt"]
[Black "Merettig, Georg"]
[Result "1-0"]
[WhiteElo "1942"]
[BlackElo "1748"]
[PlyCount "89"]
[EventDate "2012.04.??"]
[EventType "swiss"]
[EventRounds "9"]
[EventCountry "GER"]
[WhiteTeam "Berenbostel SV"]
[BlackTeam "Wolfenbüttel Caissa SV"]

1. e4 Nc6 2. d4 e5 3. d5 Nce7 4. Nf3 d6 5. Nc3 f5 6. Bb5+ Bd7 7. Ng5 c6 8. dxc6
Nxc6 9. Bc4 Nh6 10. Qh5+ g6 11. Qd1 Nd4 12. h4 Qb6 13. O-O Qc5 14. Bd3 f4 15.
Nd5 Ng4 16. c3 Nb5 17. a4 Nc7 18. b4 Qc6 19. b5 Nxb5 20. Bxb5 Qc8 21. Bxd7+
Qxd7 22. Qxg4 Qxg4 23. Nf6+ Ke7 24. Nxg4 Rc8 25. Ba3 h6 26. Nf3 Ke6 27. Bb4 Be7
28. Rfd1 Rc4 29. Nd2 Rcc8 30. g3 h5 31. Nh2 g5 32. hxg5 Bxg5 33. Nhf3 Be7 34.
Kg2 Rcg8 35. Kh3 fxg3 36. fxg3 Rg4 37. Nh2 Rg7 38. Ndf3 Rhg8 39. Rg1 Bd8 40.
Rad1 Bc7 41. Nh4 a5 42. Ba3 Rf7 43. Nf5 Rd8 44. Nf3 d5 45. Ng5+ 1-0

[Event "Hessen Senioren-ch 2012  8th"]
[Site "Bad Sooden-Adf. (14.4.-22.4)"]
[Date "2012.04.19"]
[Round "6.35"]
[White "Wulf, Adalbert"]
[Black "Gerhardt, Peter-Michael"]
[Result "0-1"]
[WhiteElo "1751"]
[BlackElo "1916"]
[PlyCount "86"]
[EventDate "2012.04.??"]
[EventType "swiss"]
[EventRounds "9"]
[EventCountry "GER"]
[WhiteTeam "Ennigerloh-Oelde SV"]
[BlackTeam "Vahr SC"]

1. Nf3 Nf6 2. c4 c5 3. g3 g6 4. Bg2 Bg7 5. Nc3 O-O 6. O-O Nc6 7. d3 d6 8. Rb1
Rb8 9. b3 b6 10. Bb2 Bb7 11. e4 e5 12. Qd2 Bc8 13. Ne1 Nd4 14. Ne2 Nxe2+ 15.
Qxe2 Bg4 16. f3 Bd7 17. a4 Ne8 18. Nc2 f5 19. Bc1 Nc7 20. Bb2 Qe7 21. Rf2 Ne6
22. Rbf1 f4 23. Bc1 Bh6 24. g4 Bg5 25. Rd1 a6 26. Bd2 b5 27. axb5 axb5 28. Rff1
bxc4 29. bxc4 Rb2 30. Bc3 Rb3 31. Qd2 Rfb8 32. Ra1 Bc6 33. Rfc1 Qb7 34. Qe1 Nd4
35. Bxd4 cxd4 36. h4 Bd8 37. Bf1 Rb2 38. Ra3 Ra8 39. Rxa8 Qxa8 40. Ra1 Qb7 41.
Na3 Qb3 42. g5 Bb6 43. Nb5 Qc2 0-1

[Event "Hessen Senioren-ch 2012  8th"]
[Site "Bad Sooden-Adf. (14.4.-22.4)"]
[Date "2012.04.19"]
[Round "6.36"]
[White "Kaufmann, Helmut(33)"]
[Black "Janzen, Christian(36)"]
[Result "1-0"]
[WhiteElo "1897"]
[BlackElo "1619"]
[PlyCount "49"]
[EventDate "2012.04.??"]
[EventType "swiss"]
[EventRounds "9"]
[EventCountry "GER"]
[WhiteTeam "Eutingen SK"]
[BlackTeam "Berlin Marienfelde TSV"]

1. d4 d5 2. Nf3 Nd7 3. e3 Nb6 4. Bd3 Bg4 5. Nbd2 Bh5 6. O-O Nf6 7. c3 Bg6 8.
Ne5 Bxd3 9. Nxd3 e6 10. Qe2 Bd6 11. f3 c6 12. e4 Bc7 13. e5 Nfd7 14. f4 Qe7 15.
a4 a5 16. b3 f5 17. exf6 Qxf6 18. f5 e5 19. dxe5 Bxe5 20. Nxe5 Qxe5 21. Qxe5+
Nxe5 22. Re1 Nbd7 23. Nf3 O-O-O 24. Nxe5 Nxe5 25. Rxe5 1-0